Statistics for General Knowledge: Cookies, Cakes and Pies

Click here to take the quiz!

General Stats

  • This quiz has been taken 640 times
  • The average score is 11 of 17

Answer Stats

HintAnswer% Correct
Pie eaten during halloween/thanksgivingPumpkin Pie
88%
A cake known for its reddish colorRed Velvet Cake
88%
Often used to make a "house" come ChristmastimeGingerbread
88%
#1 ingredient of all cookies, cakes and pies(unless you're on a diet)Sugar
87%
A very popular orange cake made from this vegetableCarrots
86%
By far the most popular cookie in the United StatesChocolate Chip
78%
The cookie in the s'moreGraham
78%
Glazed, Jelly, etc.Donut
71%
The generic "mini-cake"Cupcake
65%
New Yorkers are known for making this cake with sour creamCheese Cake
62%
Translated from Spanish, it means "three milks"?Tres Leches
49%
The best-selling variety of girl scout cookiesThin Mints
48%
A chocolatey ERUPTION in your mouth!Lava Cake
47%
Served A La Mode at many restuarants.Apple Pie
46%
Fudge, Walnut, etc.Brownie
44%
Chinese cake eaten during Mid-Autumn festivalMooncake
28%
French "small cake" with shell-like shape named after the baker who made it.Madeleine
18%

Score Distribution

Percentile by Number Answered

Percent of People with Each Score

Your Score History

You have not taken this quiz